Szczegóły MARC21

Zarys międzynarodowych stosunków ekonomicznych /

003 -Nazwa inst., której nr kontr. jest w polu 001 [,]
    • @
    • Nazwa instytucji, której n kontrolny jest w polu 001
    • NUKAT
005 -DATA I CZAS OSTATNIEJ MODYFIKACJI [,]
    • @
    • pole kontrolne
    • 20241231115648.0
020 -Międzynarod. znormalizowany nr książki - ISBN [ , ]
    • a
    • Numer ISBN
    • 8301066962 Find
040 -Instytucja sporządzająca opis [ , ]
    • a
    • Instytucja, która sporządziła opis (NP)
    • LUBL KUL/IP
    • c
    • Instytucja, która sporządziła rekord (NP)
    • LUBL KUL/IP
    • d
    • Instytucja, która zmodyfikowała rekord (P)
    • LUBL KUL/IP
942 -Rodzaj dokumentu [ , ]
    • c
    • Rodzaj dokumentu
    • Książka
100 -Hasło główne - nazwa osobowa [1, ]
    • a
    • Nazwa osobowa (NP)
    • Klawe, Andrzej Jan
    • d
    • Daty biograficzne (NP)
    • (1938-1991).
    • 9
    • KHW
    • 404243
245 -Strefa tytułu i oznaczenia odpowiedzialności [1,0]
    • a
    • Tytuł
    • Zarys międzynarodowych stosunków ekonomicznych / Find
    • c
    • Pozostałe elementy strefy tytułu i oznaczenia odpowiedzialności (NP)
    • Andrzej J. Klawe, Antoni Makać.
250 -Strefa wydania [ , ]
    • a
    • Oznaczenie wydania (NP)
    • Wyd. 3, zm.
260 -Strefa adresu wydawniczego [ , ]
    • a
    • Miejsce wydania (P)
    • Warszawa :
    • b
    • Nazwa wydawcy (P)
    • Państwowe Wydawnictwo Naukowe,
    • c
    • Data wydania (P)
    • 1987.
300 -Strefa opisu fizycznego [ , ]
    • a
    • Określenie formy książki i/lub objętość (NP)
    • 543, [1] s. ;
    • c
    • Format (NP)
    • 21 cm.
336 -Typ zawartości [ , ]
    • a
    • Termin opisujący typ zawartości
    • Tekst
    • b
    • Kod określający zawartość
    • txt
    • 2
    • Źródło (terminu i kodu)
    • rdacontent
337 -Typ mediów [ , ]
    • a
    • Tryb odtwarzania
    • Bez urządzenia pośredniczącego
    • b
    • Kod typu mediów
    • n
    • 2
    • Źródło (terminu i kodu)
    • rdamedia
338 -Typ/rodzaj nośnika [ , ]
    • a
    • Hasło opisujące typ nośnika
    • Wolumin
    • b
    • Kod typu nośnika
    • nc
    • 2
    • Źródło (terminu i kodu)
    • rdacarrier
504 -Uwaga dot. bibliogr. załącznikowej [ , ]
    • a
    • Uwaga dot. bibliografii załącznikowej
    • Bibliogr. s. 535-540.
650 -Hasło przedmiotowe [ ,7]
    • a
    • Hasło przedmiotowe
    • Międzynarodowe stosunki gospodarcze.
    • 2
    • Źródło terminu
    • kaba
    • 9
    • KHW
    • 119604
700 -Hasło dodatkowe - nazwa osobowa [1, ]
    • a
    • Nazwa osobowa (NP)
    • Makać, Antoni Find
    • d
    • Daty biograficzne (NP)
    • (1938-2013).
    • 9
    • KHW
    • 243305
710 -Hasło dodatkowe - nazwa ciała zbiorowego [2, ]
    • a
    • Nazwa ciała zbiorowego lub nazwa geograficzna jako pierwszy element (NP)
    • Państwowe Wydawnictwo Naukowe (1951-1992).
    • 4
    • Kod relacji
    • pbl
    • 9
    • KHW
    • 52048
920 -ISBN [ , ]
    • a
    • ISBN
    • 83-01-06696-2 Find
Data inwentaryzacji Lokalizacja Numer inwentarzowy Sygnatura Status udost.
1997-11-13BEE.55615 -2
1997-11-13BES.71938 -3
1997-11-13BES.56663 2
1997-11-13BES.56664 2
1997-11-13BES.56665 2
1997-11-13BES.56666 2
1997-11-13BES.56667 2
1997-11-13BES.56668 2
1997-11-13BES.56669 2
1997-11-13BES.56670 2
1997-11-13BES.56671 2
1997-11-13BES.56672 2
1997-11-13BES.56673 2
1997-11-13BES.56674 2
1997-11-13BES.56675 2
1997-11-13BES.56676 2
1997-11-13BES.56677 2
1997-11-13BES.56678 2
1997-11-13BES.56679 2
1997-11-13BES.56680 2
1997-11-13BES.56682 2
1997-11-13BES.57241 2
1997-11-13BES.57242 2
1997-11-13BES.57243 2
1997-11-13BES.57244 2
1997-11-13BES.57245 2
1997-11-13BES.57246 2
1997-11-13BES.57247 2
1997-11-13BES.57248 2
1997-11-13BES.57249 2
1997-11-13BES.57250 2
1997-11-13BES.57251 2
1997-11-13BES.57252 2
1997-11-13BES.57253 2
1997-11-13BES.57254 2
1997-11-13BES.57255 2
1997-11-13BES.57256 2
1997-11-13BES.57257 2
1997-11-13BES.57258 2
1997-11-13BES.57259 2
1997-11-13BES.57260 2
1997-11-13BES.57261 2
1997-11-13BES.57262 2
1997-11-13BES.57263 2
1997-11-13BES.57264 2
1997-11-13BES.57265 2
1997-11-13BES.57266 2
1997-11-13BES.57267 2
1998-01-29BEE.65188 -2
1997-11-13BGZ.67239Z.672392
1997-11-13BGW.143517W.143517-3
1997-11-13BSASA.2912SA.29121
2002-03-20TT.6780 -3
1997-11-13TTS.56681 -3